04103cam a22003974i 4500003000900000005001700009008004100026035002000067040003300087066000700120100004000127245016000167264000900327300004000336336002100376337002500397338002300422502005800445504002400503520301300527526001003540526001003550526000903560526000903569526000903578526000903587526000903596526000903605526000903614526000803623526000803631526000803639526000803647526000803655650004203663PE-LiUPU20250731165417.0151204s2013 pe a grm 000 0 spa d a(Sirsi) a155420 aPE-LiUPUbspacPE-LiUPUerda c$11 aAvalos Ramos, Martha Lucila,eautor1 aSíndrome de Burnout y las relaciones intrafamiliares de los abogados en los centros de emergencia mujer en el Perú, 2012 /cMartha Lucila Avalos Ramos. 0c2013 a210 hojas : bilustraciones;c30 cm atext2rdacontent aunmediated2rdamedia avolume2rdacarrier aTesisb(Mg.) -- cUniversidad Peruana Unión,d2012. aIncluye referencias3 aLa presente investigación es de diseño transeccional de tipo descriptivo correlacional. El objetivo principal de este estudio es determinar la relación existente entre el Síndrome de Burnout y las relaciones intrafamiliares de los abogados en los centros de Emergencia Mujer en el Perú, 2012, para lo cual se trabajó con 95 abogados de los Centros de Emergencia Mujer en el Perú. La recolección de datos se realiza mediante un cuestionario, el Maslach Burnout Inventory (MBI), que fue desarrollado y validado por Cristina Maslach y Janey Jackson en su versión definitiva que apareció en 1986. Versión traducida y validada de la originalidad adaptada al español por Nicolás Seisdedos en 1997 (Capa, 2004). Esta escala, evalúa y describe la presencia del síndrome de burnout en tres dimensiones: Cansancio Emocional (CE), Despersonalización (DP) y Realización Personal (RP). Además se utiliza el cuestionario Escala de Evaluación de las Relaciones Intrafamiliares (E.R.I Versión larga de Rivera-Heredia y Andrade Palos (México 1999), de Patricia Andrade Palos, Rivera Heredia y Andrade Palos, que proporciona información sobre cómo es la interacción familiar respecto a la expresión de emociones, la unión y apoyo, y la percepción de dificultades o conflictos. Este cuestionario permite identificar diferentes elementos de las relaciones familiares que pudieran relacionarse con el bienestar psicológico de sus integrantes, o por el contrario que fueran factor de riesgo ante diferentes conductas problemáticas. La validación de estos instrumentos se realiza teniendo en cuenta el juicio de expertos y a través de reducción de dimensiones mediante el programa SPSS 19. Mientras que la confiabilidad del instrumento se determina a través del Alfa de Cronbach. Los datos se analizan usando como estadístico de prueba el coeficiente de correlación de Pearson (r de Pearson). Los resultados revelan que no existe una relación inversa y significativa entre el síndrome de Burnout y las relaciones intrafamiliares (r=0.074 y p =0.475 >0.05). En cuanto a la relación entre el síndrome de Burnout y la dimensión unión-apoyo intrafamiliar, no se halla una relación inversa y significativa entre el síndrome de burnout el nivel de expresión intrafamiliar de abogados en los Centros de Emergencia Mujer (r=0.089 y p =0.392 >0.05). No se encuentra una relación significativa entre el síndrome de Burnout y el nivel de dificultad intrafamiliar (r=0.189 y p =0.066 >0.05). Los resultados se explican por qué se halla, en la muestra de abogados, un bajo nivel de Burnout (62.1%), y un nivel medio (37.9) y nadie registraba niveles altos. Asimismo se encuentra niveles altos de Relaciones Intrafamiliares (94.7% y sólo 5.3% de los abogados registran niveles medio altos. Esto quiere decir que el nivel de síndrome de burnout afecta el niel de las relaciones intrafamiliares en los abogados, aunque no de manera significativa. aSEG44 aSEG26 aP151 aP150 aP149 aP146 aP145 aP126 aP125 aP92 aP75 aP74 aP27 aP1504aAbogadosxSindrome de BurnotxFamilia